Quiz sur les clubs de la Ligue 1 - Statistiques

Statistiques générales
  • Ce quiz a été pris 295 fois
    244 depuis la dernière actualisation
  • Le résultat moyen est 11 sur 15
Statistiques - réponses
Question Réponse % Correct
Quel club ne se situe pas en France ? AS Monaco
100%
Quel est le seul club de Ligue 1 à porter des maillots orange ? FC Lorient
100%
Quel club a pour surnom les "Canaries" ? FC Nantes
100%
Quel est le club rival du RC Lens LOSC Lille
100%
A l'inverse lequel est le plus grand Orange Vélodrome
100%
Quel club à remporter la Ligue 1 2021/2022 ? Paris Saint Germain
100%
Quel club à pour stade "la Mosson" ? Montpellier HSC
80%
Dans quel ville a été construit le Décathlon Arena (LOSC Lille) ? Villeneuve d'Ascq
80%
Quel club a fini dernier de Ligue 1 2021/2022 ? Girondins de Bordeaux
60%
Quel club a fini premier de Ligue 1 2020/2021 ? LOSC Lille
60%
Quel club a fait le plus de saisons en Ligue 1 consécutive ? (45 ans) Paris Saint Germain
60%
Quel est le nom du stade de l'ESTAC Troyes ? Stade de l'Aube
60%
Que représente la mascotte du Stade Rennais ? une ermine
60%
Quel club a été le plus de fois sur le podium depuis 1932 ? AS Monaco
20%
Quel est le stade le plus petit (nombre de place) de Ligue 1 ? François Coty
20%
Aucun quiz correspondant
Distribution des résultats
% des personnes avec chaque résultat
Percentile par nombre de réponses
Votre historique - résultats
Vous n’avez pas pris ce quiz depuis la dernière actualisation